000 00451cam a2200193 4500
001 D5607
008 090401t1981 xxu||||| |||| 00| 0 eng d
035 _a(Sirsi) u59549
041 _aeng
050 _a711
100 _aHobbs, F.D.
245 _aPlanning for engineers and surveyors
260 _aOxford
_bPergamon Press
_c1981
300 _axii. 219p. 25cm
350 _a15.75
700 _aDoling, J.F.
942 _n0
948 _c04/03/1997
999 _c94164
_d94164